Personen in der Walhalla - Statistiken

Allgemein
  • Dieses Quiz wurde 43 mal gespielt
  • Das Durchschnittsergebnis liegt bei 37 aus 193
Antwortstatistiken
Nr. Person % Korrekt
31 Friedrich Schiller
89%
56 Johann Wolfgang Goethe
89%
59 Friedrich der Schöne
74%
6 Friedrich I., Barbarossa
74%
18 Friedrich I. der Siegreiche
74%
8 Friedrich II.
74%
5 Friedrich II. der Große
74%
67 Wilhelm I.
74%
111 Wilhelm III. von Oranien-Nassau
74%
66 Wilhelm I. von Preußen
74%
62 Wilhelm von Köln
74%
62 Carl von Österreich
71%
59 Karl V.
71%
105 Karl V. Leopold
71%
2 Otto I. der Große
71%
47 Otto I. der Rotkopf
71%
36 Otto I. von Sachsen
71%
44 Otto von Bamberg
71%
45 Otto von Freising
71%
68 Ludwig I.
66%
7 Heinrich der Löwe
63%
1 Heinrich I.
63%
42 Heinrich III.
63%
38 Franz von Sickingen
61%
28 Johann XX. von Dalberg
53%
46 Hildegard von Bingen
50%
57 Albertus Magnus
47%
37 Johannes Reuchlin
47%
33 Johannes von Müller
47%
1 Arminius
42%
53 Hermann von Salza
42%
3 Konrad II.
42%
50 Walther von der Vogelweide
42%
40 Albrecht Dürer
39%
4 Gotthold Ephraim Lessing
39%
76 Richard Wagner
39%
41 Georg von Frundsberg
37%
126 Heinrich Heine
37%
65 Ludwig van Beethoven
37%
69 August
34%
84 Franz Schubert
34%
113 Gottfried Wilhelm Leibniz
34%
75 Helmuth Karl Bernhard von Moltke
34%
77 Johann Sebastian Bach
34%
74 Otto von Bismarck
34%
121 Edith Stein
32%
13 Ferdinand von Braunschweig-Wolfenbüffel
32%
104 Friedrich Wilhelm
32%
29 Hans von Hallwyl
32%
119 Johannes Brahms
32%
31 Karl der Große
32%
96 Wilhelm Conrad Röntgen
32%
12 Wolfgang Amadeus Mozart
32%
54 Wolfram von Eschenbach
32%
54 Heinrich Friedrich Karl Reichsfreiherr vom und zum Stein
29%
30 Immanuel Kant
29%
20 Katharina II. die Große
29%
52 Leopold VI.
29%
57 Martin Luther
29%
116 Georg Friedrich Händel
26%
130 Maria Theresia
26%
52 Nikolaus Copernicus
26%
110 Albert Einstein
24%
36 | 89 Maximilian I.
24%
88 Maximilian von und zu Trauttmansdorff
24%
9 Rudolf I.
24%
131 Sophie Scholl
24%
79 Bernhard von Sachsen-Weimar
21%
120 Carl Friedrich Gauss
21%
60 Christoph von Württemberg
21%
11 Gideon Ernst von Laudon
21%
27 Widukind
21%
35 Alfred der Große
18%
39 Ulrich von Hutten
18%
73 Albrecht von Wallenstein
16%
16 Johannes Gutenberg
16%
72 Johannes Kepler
16%
34 Christoph Martin Wieland
13%
15 Erwin von Steinbach
13%
83 Friedrich Ludwig Jahn
13%
44 Gebhard Leberecht von Blücher
13%
24 Johann Müller Regiomontanus
13%
51 Paracelsus
13%
35 Berthold von Henneberg
11%
23 Johann Gottfried Herder
11%
118 Konrad Adenauer
11%
32 Joseph Haydn
8%
55 Meister Gerhard
8%
47 Peter Vischer der Ältere
8%
94 Adalbert Stifter
5%
26 Eberhard im Bart
5%
51 Elisabeth von Thüringen
5%
58 Hans Holbein der Jüngere
5%
17 Jan van Eyck
5%
24 Karl Martell
5%
127 Käthe Kollwitz
5%
71 Moritz von Oranien
5%
26 Pippin der Jüngere
5%
21 Pippin der Mittlere
5%
16 Theoderich der Große
5%
10 Theoderich I.
5%
90 Amalie Elisabeth von Hanau-Münzenberg
3%
86 Anton Bruckner
3%
56 Arnold zum Turm
3%
37 Arnulf I.
3%
34 Arnulf von Kärnten
3%
108 Carl Maria von Weber
3%
15 Chlodwig I.
3%
10 Christoph Willibald Gluck
3%
32 Einhard
3%
93 Frans Snyders
3%
21 Friedrich Gottlieb Klopstock
3%
46 Friedrich Wilhelm Herschel
3%
19 Gottfried August Bürger
3%
109 Gregor Mendel
3%
27 Hans Memling
3%
11 Horsa
3%
98 Jakob Fugger
3%
106 Jean Paul
3%
48 Johannes Aventinus
3%
63 Josef Wenzel Radetzky von Radetz
3%
95 Joseph Freiherr von Eichendorff
3%
85 Joseph Görres
3%
78 Justus Liebig
3%
43 Lampert von Hersfeld
3%
91 Maarten Tromp
3%
102 Michiel de Ruyter
3%
25 Niklaus von Flüe
3%
80 Peter Paul Rubens
3%
107 Richard Strauss
3%
49 Wolter von Plettenberg
3%
63 Adrian I. von Bubenberg
0%
61 Aegidius Tschudi
0%
8 Alarich I.
0%
18 Alboin
0%
128 Albrecht Viktor Haller
0%
29 Alkuin
0%
81 Anthonis van Dyck
0%
129 Anton Raphael Mengs
0%
61 Arnold Winkelried
0%
9 Athaulf
0%
55 August Wilhelm Anton Neidhardt
0%
22 Beda Venerabilis
0%
40 Bernward von Hildesheim
0%
25 Bonifatius
0%
60 Bruno von Warendorp
0%
123 Burkhard Christoph von Münnich
0%
30 Egbert
0%
20 Emmeram von Regensburg
0%
48 Engelbert I.
0%
50 Erasmus von Rotterdam
0%
5 Ermanarich
0%
101 Ernst I. der Fromme
0%
64 Friedrich Wilhelm Joseph Schelling
0%
7 Fritigern
0%
12 Geiserich
0%
42 Gerhard Scharnhorst
0%
53 Hans Karl Friedrich Anton Diebitsch-Sabalkanski
0%
13 Hengest
0%
41 Heribert
0%
114 Herman Boerhaave
0%
115 Hermann Moritz von Sachsen
0%
39 Hrotsvit von Gandersheim
0%
82 Hugo Grotius
0%
4 Iulius Civilis
0%
22 Johann Jakob Wilhelm Heinse
0%
124 Johann Joachim Winckelmann
0%
100 Johann Philipp von Schönborn
0%
70 Julius Echter von Mespelbrunn
0%
14 Justus Möser
0%
99 Karl Gustav von Pfalz-Zweibrücken
0%
45 Karl Philipp Fürst zu Schwarzenberg
0%
117 Karolina Gerhardinger
0%
112 Ludwig Wilhelm von Baden-Baden
0%
2 Marbod
0%
38 Mathilde die Heilige
0%
97 Max Josef Pettenkofer
0%
87 Max Reger
0%
43 Michael Andreas Barclay de Tolly
0%
122 Nikolaus Ludwig Graf von Zinzendorf und Pottendorf
0%
14 Odoaker
0%
103 Otto Guericke
0%
92 Paris von Lodron
0%
28 Paulus Diaconus
0%
64 Peter Henlein
0%
33 Rabanus Maurus
0%
19 Theudelinde
0%
17 Totila
0%
3 Veleda
0%
125 Wilhelm Friedrich Ernst zu Schaumburg-Lippe
0%
23 Willibrord
0%
6 Wulfila
0%
Keine übereinstimmenden Quizze gefunden
Verteilung der Resultate
Anzahl Personen mit jedem Resultat
Perzentil nach korrekt beantworteten Fragen
Ihre Resultats-Entwicklung
Sie haben dieses Quiz noch nicht gespielt